000 00468pab a2200169 454500
008 180718b2018 xxu||||| |||| 00| 0 eng d
100 _aHemantha Y.
245 _aChallenges in the development of image of retail stores in India
260 _c2018
300 _ap.49-53.
362 _aJul & Jan
650 _aRetail stores - India
650 _aRetail stores
700 _aArun B.K.
773 _aPrestige International Journal of Management
909 _a117068
999 _c117062
_d117062